ნორმალური ფორმატი
MARC ფორმატი
ჩანაწერი Personal Name
ჩანაწერთა რაოდენობა, რომელიც გამოყენებულია: 1
001 - CONTROL NUMBER
- control field: 10058
003 - CONTROL NUMBER IDENTIFIER
- control field: GE_BSU
005 - DATE AND TIME OF LATEST TRANSACTION
- control field: 20210120220221.0
008 - FIXED-LENGTH DATA ELEMENTS
- fixed length control field: 210120|| aca||aabn | a|a d
040 ## - CATALOGING SOURCE
- Original cataloging agency: GE_BSU
- Transcribing agency: GE_BSU
100 ## - HEADING--PERSONAL NAME
- Personal name: ხუნწარია, თამარ
- Relator term: მთარგმნელი
670 ## - SOURCE DATA FOUND
- Source citation: Work cat.: (GE_BSU)53492: ქილორი, უილიამ რ. 10057, მეოცე საუკუნის მსოფლიო : საერთაშორისო ისტორია 1900 წლიდან = The Twentieth - Century World and Beyond : An International History Since 1900 /
